Vplyv faktorov na proces zmeny žiaduceho správania v kontexte prevencie zdravia diplomová práca

Salvato in:
Dettagli Bibliografici
Autore principale: Kiss Procházková, Romana
Ente Autore: Obchodná fakulta EU. Katedra marketingu
Altri autori: Kukura, Marek, 1995-
Natura: Libro
Lingua:slovacco
Pubblicazione: Bratislava 2024
Tags: Aggiungi Tag
Nessun Tag, puoi essere il primo ad aggiungerne!!

MARC

LEADER 00000nbm a2200000 4500
001 0302392
005 20250704225230.9
041 0 |a slo 
044 |a SK 
245 1 0 |a Vplyv faktorov na proces zmeny žiaduceho správania v kontexte prevencie zdravia  |b diplomová práca  |c Romana Kiss Procházková ; školiteľ: Marek Kukura 
264 1 |a Bratislava  |c 2024 
300 |a 91 s. 
100 1 |a Kiss Procházková, Romana 
700 1 |a Kukura, Marek, 1995- 
710 2 |a Obchodná fakulta EU. Katedra marketingu